1818 1770 1355 1065 1008 1715 1729 1617 1145 1383 1511 1178 1295 1018 1162 1425 1594 1788 1820 1912 1983 1045 1352 1625 1756 1096 1851 1237 1797 1214 1925 1939 1833 1467 1579 1480 1004 1272 1188 1854 1905 1211 1225 1901 1704 1980 1755 1146 1644 1239 1993 1785 1245 1353 1955 1377 1157 1615 1036 1403 1631 1369 1301 1972 1129 1169 1932 1119 1011 1610 1680 1825 1575 1219 1955 1353 1005 1970 1238 1252 1153 1490 1376 1260 1081 1353 1857 1599 1616 1044 1440 1155 1119 1753 1065 1727 1427 1302 1826 BCNSPRNW ULIB Ver.6.0+V

เปลี่ยนเป็นภาษาไทย

Change to English
 แสดงรายละเอียดบรรณานุกรม
  กลับหน้าหลัก

Brief Record : Get Marc (ISO 2709) : E-mail record : QR code < ปิดหน้าต่าง
LEADER : 00000nam 2200000uu 4500
001    13399109115
003     ULIB
008    110322s2552||||th 000 0 tha d
020    9789744141156
041 0  tha^heng
050  4 HD66^bอ897ก 2552
100 0  เอปสไตน์, โรเบิร์ต
245 10 เกมและกิจกรรมสร้างแรงจูงใจทีมงาน! =^bThe big book ofmotivation games /^cผู้เขียน โรเบิร์ต เอปสไตน์, เจสสิก้า โรเจอรส์ ; ผู้แปล ณัฐวรรธน์ กิจรัตนโกศล
246 31 Big bank of motivation games
250    พิมพ์ครั้งที่ 1
260    กรุงเทพฯ :^bเอ็กซเปอร์เน็ท,^c2552
300    215 หน้า ;^c21 ซม.
650  7 กลุ่มทำงาน
650  7 การบริหารงานบุคคล
650  7 การจูงใจ (จิตวิทยา)
650  7 ลูกจ้าง^xการฝึกอบรม
700 0  ณัฐวรรธน์ กิจรัตนโกศล,^eผู้แปล
700 1  โรเจอรส์, เจสสิก้า
700 1  Epstein, Robert
700 1  Rogers, Jessica
945    ^p185^l0^i026865
945    ^p185^l0^i026864
995    เกษร
999    ^aใช้งานได้ทุกระบบ
รายการนี้ยังไม่มีแท็ก
คุณยังไม่ได้ล็อกอิน คุณสามารถมีกิจกรรมร่วมกับเว็บไซต์ได้ แต่ต้องล็อกอินก่อน ::
  ล็อกอิน

รายการสื่อสารสนเทศ

ลำดับที่ ประเภท เลขเรียก/บาร์โค้ด สถานที่ สถานะ
1. การศึกษาทั่วไป
การศึกษาทั่วไป
HD66 อ897ก 2552 ฉ.2 
  Barcode: 026865
ห้องสมุดวิทยาเขตนครสวรรค์
►หนังสือทั่วไป:l:General Books
บนชั้น

รายการใกล้เคียง
    ผู้แต่ง [เอปสไตน์, โรเบิร์ต]

    หัวเรื่อง [กลุ่มทำงาน]
    หัวเรื่อง [การบริหารงานบุคคล]
    หัวเรื่อง [การจูงใจ (จิตวิทยา)]

BibComment


ยังไม่เคยถูกคอมเมนท์

คอมเมนท์ทรัพยากรรายการนี้
  คอมเมนท์: เกมและกิจกรรมสร้า..


 Copyright 2026. Bcnsprnw @Library